书目信息 |
| 书名: | Treasure Island | |
| 作者: | ||
| 分册号: | ||
| 分册名: | 出版地: | Hong Kong : |
|
| 出版社: | Oxford Univ. Pr | |
| 出版时间: | 1957. | |
| 页数: | 127 p. : | |
| 开本: | 19 cm. | |
| 丛书名: | ||
| 中图分类号: | ||
| 科图分类号: | ||
| 其他分类号: | H319.4 | |
| 主题词: | ||
| 电子资源: | ||
| 000 | 00622nam 2200217 a 4500 | |
| 001 | E0730227484 | |
| 005 | 20070228082739.18 | |
| 008 | eng | |
| 008 | uu | |
| 040 | @aNLC | |
| 049 | @aN5LA | |
| 090 | @a2/I561.44/-49/S84T///////*969039/-41/ 3cop. | |
| 090 | @aH319.4 | |
| 096 | @aI561.44-49 @v2 | |
| 099 | @dH319.4@ex106 | |
| 100 | 1 | @aStevenson, Robert Louis. |
| 245 | 10 | @aTreasure Island |
| 260 | @aHong Kong :@bOxford Univ. Pr.,@c1957. | |
| 300 | @a127 p. :@bill. ;@c19 cm. | |
| 500 | @a6th imp. 1978. @b00 @c20020930 @lNLC09 @h2244 @lNLC09 @h2233 @lNLC09 @h1825 | |
| 852 | 9 | @bWWJC @cJ08S @k2 @hI561.44-49 @iS84T |
| Treasure Island.-Hong Kong : : Oxford Univ. Pr., , 1957. |
| 127 p. : : ill. ; ; 19 cm. |
| 6th imp. 1978. |
| ISBN |
| ● |
| 相关链接 |
|
|
|
|
正题名:Treasure Island
索取号:H319.4/x106
 
预约/预借
| 序号 | 登录号 | 条形码 | 馆藏地/架位号 | 状态 | 备注 |
| 1 | 180385 | 001191052 | 第四借阅区/ [索取号:H319.4/x106] | 在馆 | |
| 2 | 180386 | 001191070 | 第四借阅区/ [索取号:H319.4/x106] | 在馆 |